WWF/WWE Stipulation Matches - Statistics

General Stats
  • This quiz has been taken 88 times
  • The average score is 13 of 30
Answer Stats
Hint Answer % Correct
D-Von, get the....... Table
91%
The Hardy Boyz vs. Edge and Christian Ladder
86%
Don't go chasing Waterfalls TLC
84%
Shawn Michaels vs. Bret Hart Iron Man
80%
It's getting hot in here Inferno
75%
Nearly ended Shawn Michaels career Casket
69%
In Your House 18 Hell in a Cell
69%
Invented by Chris Jericho Money in the Bank
63%
Duke "The _______" Droese Dumpster
56%
You Can't See Me Blindfold
55%
Survivor Series 2002 Elimination Chamber
55%
Sable vs. Luna Evening Gown/Bra and Panites
55%
Invented by Pat Patterson Royal Rumble
50%
It's safer in the ring for this one Lumberjack/Lumberjill
47%
Kerry Von Erich but not in Texas Tornado
47%
Wrestlemania XI I Quit
34%
In Your House 11 Buried Alive
30%
Jeff Jarrett vs. Chyna Good Housekeeping
30%
Great American Bash 2006 Punjabi Prison
30%
SummerSlam 1996 Boiler Room Brawl
28%
Al Snow vs. Big Boss Man Kennel from Hell
28%
St. Valentine's Day Massacre 1999 Last Man Standing
28%
Jerry Lawler vs. Michael Cole Kiss My Foot
23%
Henry O. Godwinn vs. Hunter Hearst Helmsley Pig Pen
20%
Brock Lesnar vs. Big Show Stretcher
17%
Unforgiven 2008 Championship Scramble
13%
Candice Michelle vs. Melina Pudding
11%
Extreme Rules 2016 Asylum
9%
Chris Jericho vs. William Regal Duchess of Queensbury Rules
9%
Fully Loaded 1999 Iron Circle
6%
No matching quizzes found
Score Distribution
Percent of People with Each Score
Percentile by Number Answered
Your Score History
You have not taken this quiz